000 00630nam a2200205 a 4500
999 _c6249
_d6249
005 20250429170403.0
008 171211b xxu||||| |||| 00| 0 spa d
040 _aCO-BoIAVH
_cCO-BoIAVH
041 _aspa
090 _aIAVH
_b0006
110 _bInstituto de Investigación de Recursos Biológicos Alexander von Humboldt
245 _aInforme gestión institucional anual 2002
260 _aBogotá
_bInstituto Alexander von Humboldt
_c2002
300 _a98 Páginas
650 1 6 _aInventarios
650 1 6 _aBiología
650 1 6 _aPolítica
650 1 6 _aBiodiversidad
942 _cLIBRO
_01
_2z